000 00766nam a2200241Ia 4500
003 OSt
005 20220927104206.0
006 a|||||r|||| 00| 0
007 ta
008 220926b |||||||| |||| 00| 0 eng d
024 _a91283
037 _cReference Collections
040 _aRTL
_cRTL
_beng
041 _2eng
_aeng
082 _a"X9(D3):(D6,9(B), N3/UN"
110 _aUnited Nations Conference on Trade and Development
245 0 _aInformation technology and international competitiveness
260 _aNew
_bYork United Nations U. S. A.
_c1993
300 _a"xvii, 182p."
_ccm.
700 _aUnited Nations Conference on Trade and Development
942 _h"X9(D3):(D6,9(B), N3/UN"
_cCC
999 _c686386
_d686386